Human physiology

محفوظ في:
التفاصيل البيبلوغرافية
المؤلف الرئيسي: Fox, Stuart Ira
التنسيق: كتاب
اللغة:Undetermined
منشور في: Boston McGraw-Hill 2006
الموضوعات:
الوسوم: إضافة وسم
لا توجد وسوم, كن أول من يضع وسما على هذه التسجيلة!
Thư viện lưu trữ: Trung tâm Học liệu Trường Đại học Cần Thơ
LEADER 00559nam a2200217Ia 4500
001 CTU_100631
008 210402s9999 xx 000 0 und d
020 |c 959000 
082 |a 612 
082 |b F791 
100 |a Fox, Stuart Ira 
245 0 |a Human physiology 
245 0 |c Stuart Ira Fox 
260 |a Boston 
260 |b McGraw-Hill 
260 |c 2006 
526 |a Sinh lý người và động vật 
526 |b SP417 
650 |a Human physiology 
904 |i Tuyến 
980 |a Trung tâm Học liệu Trường Đại học Cần Thơ